Music Quiz

Random Music Quiz

Do you know Justin Bieber Quiz Stats

 Plays Quiz not verified by Sporcle

Challenge
Share
Tweet
Score 0/15 Timer 15:00
0 Plays Today
% Correct
March 1 1994
41.2%
Never Say Never
41.2%
Jeremy Bieber
29.4%
No
23.5%
No
23.5%
Pattie Mallete
11.8%
Spaghetti
11.8%
Blue and Purple
5.9%
% Correct
Beyonce
5.9%
Smallville
5.9%
Ryan and Chaz
0%
Trumpet
0%
Chess
0%
Rocky 4
0%
Fledging Jason Steed
0%

You're not logged in!

Compare scores with friends on all Sporcle quizzes.
OR
Log In

You Might Also Like...

Show Comments

Extras

Created Apr 5, 2011ReportNominate
Tags:bieber, Justin Bieber

Top Quizzes Today


Score Distribution

Your Account Isn't Verified!

In order to create a playlist on Sporcle, you need to verify the email address you used during registration. Go to your Sporcle Settings to finish the process.

Report this User

Report this user for behavior that violates our Community Guidelines.

Details: